00817nam a2200217 i 450000100060000000300090000600500170001500700030003200800410003510000360007624500480011225000120016026000310017230000340020350001000023765000250033771000620036285200320042499900170045695201260047324995ES-MaACL20230906153157.0t|021219s1960 sp ||||1| spa d1 aApraiz Barreiro, José.92212610aFundiciones / cpor José Apraiz Barreiro. a1ª ed. aMadrid : bDossat, c1960] aXI, 166 p. : bil. ; c22 cm. aPrecede a tít.: Patronato de Publicaciones de la Escuela Especial de Ingenieros Industriales. 4aFundición.91361462 aEscuela Central de Ingenieros Industriales (Madrid)93568 aES-MaACLjC-18413 bR.46661 c24995d24995 00104070aATENEOMbATENEOMcGaleríad2008-01-17eSCl0oC-18413p1025770r2023-02-23 00:00:00w2023-02-23yMONOGRAFIA